000 00391nam a22001457a 4500
999 _c4475
_d4475
008 200806b ||||| |||| 00| 0 eng d
082 0 0 _a620.112076
_bU81
100 _92673
_aUrry, S. A.
245 1 0 _aSolution of problems in strength of materials,
_cby S. A. Urry
260 _aLondon
_b Pitman
_c1956
300 _a150 p.
365 _d13.20
650 0 _aStrength of Materials
942 _cBK